000 00693nam a2200277Ia 4500
001 41504
005 20240114003423.0
007 ta
008 080329s2004 g b000 u asm u
020 _cHB
040 _aCotton College,Assam
041 _aasm
082 _a891.41
_bGo 69 Be
100 _aLila Gogoi, Lila .
245 0 _aBeli Mar Gol /
_cLila Gogoi.
_hTextual Documents
250 _aIst ed /
260 _aGuwahati :
_bBanalata ,
_c2004.
300 _a208pg ;
_c22cm.
653 _aAssamese Literary- historical essays
653 _aG- Assamese
942 _2ddc
_cBK
999 _c41471
_d41471